Statistics for Europe Countries in a Chosen Order

Click here to take the quiz!

General Stats

  • This quiz has been taken 20 times
    (4 since last reset)
  • The average score is 2 of 45

Answer Stats

Answer% Correct
Italy
100%
Spain
25%
Malta
25%
Greece
25%
Kosovo
25%
Macedonia
0%
Romania
0%
Ukraine
0%
Bulgaria
0%
Portugal
0%
Slovakia
0%
Slovenia
0%
Lithuania
0%
Luxembourg
0%
San Marino
0%
Ireland
0%
Montenegro
0%
Netherlands
0%
Switzerland
0%
Vatican City
0%
Czech Republic
0%
Liechtenstein
0%
United Kingdom
0%
Moldova
0%
Germany
0%
Iceland
0%
Sweden
0%
France
0%
Latvia
0%
Monaco
0%
Norway
0%
Poland
0%
Russia
0%
Serbia
0%
Albania
0%
Hungary
0%
Andorra
0%
Austria
0%
Belarus
0%
Belgium
0%
Croatia
0%
Denmark
0%
Estonia
0%
Finland
0%
Bosnia and Herzegovina
0%

Score Distribution

Percentile by Number Answered

Percent of People with Each Score

Your Score History

You have not taken this quiz since the last reset